Máximos goleadores de la Premier League 2016-2017 - Estadísticas

Estadísticas generales
  • Esta prueba ha sido intentada 79 veces
  • La puntuación promedio es 8 de 12
Estadísticas de respuestas
Goles Nacionalidad Equipo Jugador % Correcto
29 Inglaterra Tottenham Hotspur Harry Kane
100%
20 Argentina Manchester City Sergio Agüero
96%
24 Chile Arsenal Alexis Sánchez
94%
16 Bélgica Chelsea Eden Hazard
90%
25 Bélgica Everton Romelu Lukaku
90%
17 Suecia Manchester United Zlatan Ibrahimović
89%
20 España Chelsea Diego Costa
75%
15 Bélgica Crystal Palace Christian Benteke
59%
18 Inglaterra Tottenham Hotspur Dele Alli
45%
15 Inglaterra Sunderland Jermain Defoe
35%
15 España Swansea City Fernando Llorente
34%
16 Noruega Bournemouth Joshua King
34%
No se encontraron pruebas coincidentes
Distribución de puntuación
Porcentaje de gente con cada puntuación
Porcentaje por número respondido
Historial de tus puntuaciones
No has intentado esta prueba.